000 00361nam a2200157Ia 4500
003 OSt
005 20240217151045.0
008 170524s9999 xx 000 0 und d
020 _a978-9385046124
040 _cIIMT
100 _aSharma-R.C.
245 0 _aElements of Enviromental Science
260 _bKalyani Publication
260 _c2004
942 _2ddc
_c02
999 _c7310
_d7310